5HLuxD.jpg

KING HENRY VIII SENIOR AND PRIMARY SCHOOL LIBRARY OPAC

Refugees / (Record no. 3634)

000 -LEADER
fixed length control field 00477nam a22001697a 4500
003 - CONTROL NUMBER IDENTIFIER
control field OSt
005 - DATE AND TIME OF LATEST TRANSACTION
control field 20240315112051.0
008 - FIXED-LENGTH DATA ELEMENTS--GENERAL INFORMATION
fixed length control field 240315b ||||| |||| 00| 0 eng d
020 ## - INTERNATIONAL STANDARD BOOK NUMBER
International Standard Book Number 9781912171590
040 ## - CATALOGING SOURCE
Transcribing agency KH8
100 ## - MAIN ENTRY--PERSONAL NAME
Personal name Brundle Harriet,
Relator term author.
245 ## - TITLE STATEMENT
Title Refugees /
Statement of responsibility, etc. Harriet Brundle.
260 ## - PUBLICATION, DISTRIBUTION, ETC.
Place of publication, distribution, etc. United Kingdom;
Name of publisher, distributor, etc. The Secret Book Company,
Date of publication, distribution, etc. 2018.
300 ## - PHYSICAL DESCRIPTION
Extent 31 pages:
Other physical details color illustrations;
Dimensions 25.5 cm.
700 ## - ADDED ENTRY--PERSONAL NAME
Personal name Rintoul, Drue,
Relator term author.
942 ## - ADDED ENTRY ELEMENTS (KOHA)
Source of classification or shelving scheme
Koha item type Books - Non Ficton
Holdings
Withdrawn status Lost status Source of classification or shelving scheme Damaged status Not for loan Collection code Permanent Location Current Location Shelving location Date acquired Full call number Barcode Date last seen Price effective from Koha item type Public note
          Non-Fiction KH8 Primary School Library KH8 Primary School Library Non Fiction 2024-03-15 305 BRU KHPL000006933 2025-12-05 2024-03-15 Books - Non Ficton KH8 PRIMARY LIBRARY
          Non-Fiction KH8 Primary School Library KH8 Primary School Library Non Fiction 2024-03-15 305 BRU KHPL000007267 2025-10-02 2024-03-15 Books - Non Ficton KH8 PRIMARY LIBRARY

Powered By KH8 IT Dept